[Geometry Dash] Every Serponge Level - Statistics

General Stats
  • This quiz has been taken 8 times
    6 since last reset
  • The average score is 17 of 117
Answer Stats
Rating Difficulty Level % Correct
Star Rate Easy AlterGame
60%
Featured Normal AlterGame II
60%
Featured Normal AlterGame III
60%
Featured Easy AlterGame IV
60%
Star Rate Normal AlterGame IX
60%
Featured Hard AlterGame V
60%
Star Rate Hard AlterGame VI
60%
Star Rate Normal AlterGame VII
60%
Featured Normal AlterGame VIII
60%
Featured Medium Demon AlterGame X
60%
Featured Hard AlterGame XI
60%
Featured Normal AlterGame XII
60%
Epic Hard AlterGame XIII
60%
Epic Insane AlterGame XIV
60%
Epic Normal AlterGame XV
60%
Epic Harder AlterGame XVI
60%
Epic Hard Demon AlterGame XVII
60%
Featured Hard AlterGame XVIII
60%
Epic Medium Demon CastleMania
60%
Legendary Medium Demon Coaster Mountain
60%
Featured Medium Demon InsanitY
60%
Epic Medium Demon MasterGame
60%
Featured Medium Demon VeritY
60%
Featured Medium Demon Gold Temple
40%
Epic Medium Demon Noel Electra
40%
Epic Medium Demon Ocean Rush
40%
Epic Hard Demon Acid Rush
20%
Epic Medium Demon Acid Rush II
20%
Epic Hard Demon Acid Rush III
20%
Featured Hard Demon Ancient Temple
20%
Featured Hard Demon Depressure
20%
Epic Easy Demon Destroy The Level
20%
Featured Medium Demon HeLL
20%
Epic Insane I See Stars EX
20%
Epic Harder The Whale
20%
Epic Auto What The F
20%
Epic Medium Demon 7 PM
0%
Featured Auto About Nothing I
0%
Featured Normal About Nothing II
0%
Featured Harder Adrenaline
0%
Featured Hard AlterEvolution
0%
Featured Normal AlterRealm
0%
Featured Harder AlterSpace
0%
Featured Hard AlterSpace II
0%
Featured Hard AlterWorld
0%
Featured Harder Altitudinem gamva
0%
Featured Harder Aqua Evolution
0%
Epic Harder Aura
0%
Featured Normal Blue Rift
0%
Featured Harder Blue Rift II
0%
Featured Insane Bouncy World
0%
Featured Normal Christmas Boi
0%
Epic Medium Demon City Rush
0%
Featured Auto Cozy Cabin
0%
Featured Hard Dark Light
0%
Star Rate Hard Dat Battle
0%
Featured Insane Dat Travel
0%
Featured Medium Demon Dem Travel
0%
Featured Harder DisP
0%
Featured Insane DistorteD
0%
Featured Medium Demon distortion
0%
Featured Normal Dis Travel
0%
Epic Insane Dune Boi
0%
Legendary Insane Echo Delta
0%
Star Rate Harder Electronical Factory
0%
Featured Hard Emerald Emergency
0%
Featured Auto Emotional Release
0%
Epic Auto Emotional Release II
0%
Featured Hard Demon End of the Circles
0%
Featured Normal Explorat Illo
0%
Featured Hard Extortion
0%
Featured Normal ExtraGame
0%
Star Rate Harder Fez
0%
Featured Hard Forget
0%
Epic Insane Glacial
0%
Featured Auto Hell Depths Epilogue
0%
Featured Easy Hyper Dream
0%
Featured Hard Last Travel
0%
Featured Medium Demon Liberation
0%
Featured Hard Line
0%
Featured Harder Lost Souls
0%
Featured Harder Lost Spirit
0%
Featured Harder NoGaxeh
0%
Featured Normal OutLine
0%
Featured Normal Papillon Horizona
0%
Featured Hard Perception
0%
Featured Insane PixelGame
0%
Featured Normal Pixel Road
0%
Featured Normal RailGame
0%
Featured Hard Random Show
0%
Featured Harder Remember
0%
Epic Extreme Demon Sonic Wave Rebirth
0%
Featured Harder SourCream
0%
Featured Insane Demon SourCream II
0%
Epic Medium Demon Space Magic
0%
Featured Normal Spooky Light
0%
Featured Hard Start
0%
Featured Normal StufF
0%
Featured Normal StufF II
0%
Featured Easy Super Mario Galaxy
0%
Epic Hard The Eternal City
0%
Featured Hard Demon The Final Stage
0%
Featured Harder The Glitch
0%
Featured Harder The Honorable Finale
0%
Featured Hard The New Dawn
0%
Featured Normal the rebirth
0%
Epic Insane The Split
0%
Star Rate Insane Time
0%
Featured Hard UltraGame I
0%
Featured Harder UltraGame II
0%
Featured Harder UltraGame III
0%
Featured Hard Ultra Space
0%
Epic Normal Under
0%
Featured Medium Demon UpCity
0%
Featured Easy Vapored
0%
Epic Harder VolT
0%
Epic Hard Vooper
0%
No matching quizzes found
Score Distribution
Percent of People with Each Score
Percentile by Number Answered
Your Score History
You have not taken this quiz since the last reset